<?xml version="1.0" encoding="UTF-8"?>
<marc:record xmlns:marc="http://www.loc.gov/MARC21/slim">
   <marc:leader>00000nam a2200000 a 4500</marc:leader>
   <marc:datafield ind1="1" ind2=" " tag="100">
      <marc:subfield code="a">Čuperková Brezinská, Tatiana</marc:subfield>
      <marc:subfield code="4">aut</marc:subfield>
      <marc:subfield code="e">Verfasser/-in</marc:subfield>
   </marc:datafield>
   <marc:datafield ind1=" " ind2=" " tag="653">
      <marc:subfield code="a">Romane</marc:subfield>
   </marc:datafield>
   <marc:datafield ind1="0" ind2="0" tag="245">
      <marc:subfield code="a">Ona</marc:subfield>
   </marc:datafield>
   <marc:datafield ind1="0" ind2="0" tag="245">
      <marc:subfield code="b">Romane</marc:subfield>
   </marc:datafield>
   <marc:datafield ind1="0" ind2="0" tag="245">
      <marc:subfield code="c">Čuperková Brezinská, Tatiana</marc:subfield>
   </marc:datafield>
   <marc:datafield ind1=" " ind2="1" tag="264">
      <marc:subfield code="a">Bratislava</marc:subfield>
      <marc:subfield code="b">Evitapress</marc:subfield>
      <marc:subfield code="c">2015</marc:subfield>
   </marc:datafield>
   <marc:datafield ind1=" " ind2=" " tag="250">
      <marc:subfield code="a">Prvé vydanie</marc:subfield>
   </marc:datafield>
   <marc:datafield ind1="1" ind2=" " tag="520">
      <marc:subfield code="a">Vtipný príbeh o tom, že na dieťa vlastne NIKDY nie sme pripravené&#xD;
Bez dieťaťa je život pohodlnejší. Môžeme si robiť čo chceme, prísť domov kedy chceme, spať ako dlho chceme. Bez obmedzení.&#xD;
Sme skvelé kuchárky, gazdinky, partnerky. No vieme sa pripraviť na príchod dieťaťa? Na dieťa sa nedá dopredu pripraviť, skrátka – príde a zmení nám život od základov. Žiadne prekážky už nie sú neprekonateľné. Hravo sa dajú zvládnuť, len pre to malé krásne stvorenie, s ktorým je zrazu všetko iné. Mať dieťa je tá najťažšia a najzodpovednejšia práca na svete. Ale aj najkrajšia.</marc:subfield>
   </marc:datafield>
   <marc:datafield ind1=" " ind2=" " tag="020">
      <marc:subfield code="a">9788081761232</marc:subfield>
      <marc:subfield code="9">9788081761232</marc:subfield>
   </marc:datafield>
   <marc:datafield ind1=" " ind2=" " tag="338">
      <marc:subfield code="a">Band</marc:subfield>
   </marc:datafield>
   <marc:datafield ind1=" " ind2=" " tag="300">
      <marc:subfield code="a">208 Seiten</marc:subfield>
   </marc:datafield>
</marc:record>
